Specifika instrumentiv islams`kogo bankingu

Gespeichert in:
Bibliographische Detailangaben
1. Verfasser: Jurkovičová, Lujza
Weitere Verfasser: Stojka, V. S.
Format: Buchkapitel
Sprache:Ukrainisch
Schlagworte:
Tags: Tag hinzufügen
Keine Tags, Fügen Sie das erste Tag hinzu!

MARC

LEADER 00000nla a2200000 4500
001 0206180
005 20240502083516.4
041 0 |a ukr 
044 |a UA 
245 1 0 |a Specifika instrumentiv islams`kogo bankingu  |c Lujza Jurkovičová, V. S. Stojka 
500 |a Abstrakt 
610 2 0 |a banky 
610 2 0 |a bankovníctvo 
610 2 0 |a náboženstvo 
610 2 0 |a islam 
100 1 |a Jurkovičová, Lujza 
700 1 |a Stojka, V. S.